000 00285nam a22001337a 4500
008 170306b xxu||||| |||| 00| 0 eng d
020 _a9780867208832
041 _aeng
080 _a575
100 _a6
101 _ashm
245 _aESSENTIAL GENETICS
_cHARTL, D.L
942 _2udc
_cBK
999 _c6811
_d6811